000 00580nam a2200217Ia 4500
003 0100
008 130227s9999 xx 000 0 und d
040 _cARRUPELIB
050 _aJC421.A73
245 4 _aThe architecture of democracy
245 _bconstitutional design, conflict management and democracy
260 _aOxford
260 _bOxford University Press
260 _C2002
300 _a507p.
300 _b 23 cm
440 _aOxford studies in democratization
650 _bChinese in Southeast Asia
700 _aReynolds, Andrew (ed.)
942 _2lcc
_01
999 _c1795
_d1795